MicroComputer Systems: The 8086/8088 Family- Architechture, Programing Design (Record no. 106)

MARC details
000 -LEADER
fixed length control field 00450nam a22001577a 4500
005 - DATE AND TIME OF LATEST TRANSACTION
control field 20180201144246.0
008 - FIXED-LENGTH DATA ELEMENTS--GENERAL INFORMATION
fixed length control field 160427b xxu||||| |||| 00| 0 eng d
020 ## - INTERNATIONAL STANDARD BOOK NUMBER
ISBN 81-203-0409-8
041 ## - LANGUAGE CODE
Language code of text/sound track or separate title eng
082 ## - DEWEY DECIMAL CLASSIFICATION NUMBER
Item number 00321
Classification number 004.16
100 ## - MAIN ENTRY--AUTHOR NAME
Personal name Liu, Yu-Cheng ans gibson, glenn a.
245 ## - TITLE STATEMENT
Title MicroComputer Systems: The 8086/8088 Family- Architechture, Programing Design
260 ## - PUBLICATION, DISTRIBUTION, ETC. (IMPRINT)
Place of publication New Delhi
Name of publisher PHI Pvt Ltd.
Year of publication 2004
300 ## - PHYSICAL DESCRIPTION
Number of Pages 623
942 ## - ADDED ENTRY ELEMENTS (KOHA)
Koha item type Books
Holdings
Lost status Damaged status Collection code Home library Current library Shelving location Date acquired Source of acquisition Cost, normal purchase price Full call number Accession Number Koha item type
    CS/IT JRU Library JRU Library SHELF-48-J 27/04/2016 PURCHASE 225.00 004.16 00321 Books
    CS/IT JRU Library JRU Library SHELF-48-J 27/04/2016 PURCHASE 225.00 004.16 00322 Books
    CS/IT JRU Library JRU Library SHELF-48-J 27/04/2016 PURCHASE 225.00 004.16 00323 Books
    CS/IT JRU Library JRU Library SHELF-48-J 27/04/2016 PURCHASE 225.00 004.16 00324 Books